000 01267nam a2200313 4500
001 0000016463
003 CO-CtgCURN
005 20250429224758.0
007 ta
008 160627s1996 000 0 eng d
020 _a9684267452
040 _aCO-CtgCURN
_bspa
_ccoctgcurn
082 0 _a179.7
_bR63e
100 1 _aRodríguez Estrada, Mauro.
245 1 0 _aEutanasia o autanasia? por una muerte digna /
_cMauro Rodríguez Estrada , editor María Eugenia Gómez López.
260 _aMexico :
_bManual Moderno,
_c1996.
300 _aviii, 116 p.
336 _2rdacontent
337 _2rdamedia
_asin mediacion
_bn
338 _2rdacarrier
_avolumen
_bnc
500 _aIncluye glosario (p. 107)
504 _aBibliografia (p. 113-116)
505 8 _aEl espectro: la ultima enfermedad.--La posible solucion: yo controlo y yo decido.--La gran objecion: Non licet.--El fondo filosofico de la polemica.--Dialogo con las objeciones.--Un tarea de reeducación.--Aspectos tecnicos de la autanasia.--El toque legal.--Libertad y dignidad hasta el fin
650 1 4 _aEutanasia.
700 1 _aGómez López, María Eugenia,
_eEditor.
908 _a160627
942 _cBK
_h179.7
_iR63e
_2ddc
999 _c43422
_d43422